| 000 | 00664nam a22002177a 4500 | ||
|---|---|---|---|
| 999 |
_c27702 _d27702 |
||
| 003 | OSt | ||
| 005 | 20250303125825.0 | ||
| 008 | 250303b ||||| |||| 00| 0 eng d | ||
| 020 | _a9788180386121 | ||
| 040 | _cimukc | ||
| 041 | _aeng | ||
| 082 |
_a331.8 _bP2952 |
||
| 100 |
_95819 _aPatel, Vithalbhai B. |
||
| 245 |
_aLaw on industrial disputes : _bwith central and state rules / _cVithalbhai B. Patel |
||
| 250 | _a4th ed. | ||
| 260 |
_aGurgaon : _bLexisNexis Buterworths Wadhwa Nagpur, _c2010. |
||
| 300 |
_a3 v. ; _c25 cm |
||
| 500 | _aVolume 1 (Ss. 1 to 21) and Volume 2 (S.22 to End and Appendices. | ||
| 650 | 0 |
_95820 _aIndustrial law |
|
| 942 |
_2ddc _cBK |
||